[Event "Dhaka Powertec op-B"]
[Site "Dhaka"]
[Date "2017.07.21"]
[Round "7"]
[White "Hossain, Amir"]
[Black "Bikas, Ranjan Das"]
[Result "0-1"]
[WhiteElo "1839"]
[BlackElo "1970"]
[PlyCount "40"]
[EventDate "2017.07.15"]
[EventType "swiss"]
[EventRounds "9"]
[EventCountry "BAN"]
[SourceTitle "EXT 2018"]
[Source "ChessBase"]
[SourceDate "2017.10.13"]
[SourceVersion "1"]
[SourceVersionDate "2017.10.13"]
[SourceQuality "1"]

1. d4 Nf6 2. c4 g6 3. Nc3 d5 4. Nf3 Bg7 5. h3 0-0 6. Bg5 c6 7. e3 Ne4 8. Nxe4 dxe4 9. Nd2 f5 10. Be2 c5 11. Nb3 cxd4 12. exd4 Nc6 13. d5 Ne5 14. 0-0 b6 15. Nd4 Bd7 16. Qd2 Nf7 17. Rac1 Re8 18. b4 e5 19. dxe6 Bxe6 20. Rfd1 Nxg5 0-1

[Event "Dhaka Powertec op-B"]
[Site "Dhaka"]
[Date "2017.07.18"]
[Round "4"]
[White "Zakir, Hossain Shiplu"]
[Black "Hossain, Amir"]
[Result "0-1"]
[WhiteElo "1915"]
[BlackElo "1839"]
[PlyCount "42"]
[EventDate "2017.07.15"]
[EventType "swiss"]
[EventRounds "9"]
[EventCountry "BAN"]
[SourceTitle "EXT 2018"]
[Source "ChessBase"]
[SourceDate "2017.10.13"]
[SourceVersion "1"]
[SourceVersionDate "2017.10.13"]
[SourceQuality "1"]

1. e4 d6 2. d4 g6 3. Be2 Bg7 4. Nc3 c6 5. a4 Nd7 6. Nf3 Ngf6 7. 0-0 0-0 8. h3 e5 9. Bc4 Qe7 10. Re1 h6 11. Be3 Kh7 12. dxe5 dxe5 13. Nd2 Nh5 14. Bf1 Nf4 15. g3 Ne6 16. Nb3 f5 17. exf5 gxf5 18. f4 e4 19. Nd4 Nc7 20. Bc4 Nb6 21. Qe2 Qb4 0-1

[Event "Dhaka Powertec op-B"]
[Site "Dhaka"]
[Date "2017.07.17"]
[Round "3"]
[White "Hossain, Amir"]
[Black "Md, Nasim Hossain Bhuiy"]
[Result "1-0"]
[WhiteElo "1839"]
[BlackElo "1975"]
[PlyCount "85"]
[EventDate "2017.07.15"]
[EventType "swiss"]
[EventRounds "9"]
[EventCountry "BAN"]
[SourceTitle "EXT 2018"]
[Source "ChessBase"]
[SourceDate "2017.10.13"]
[SourceVersion "1"]
[SourceVersionDate "2017.10.13"]
[SourceQuality "1"]

1. d4 d5 2. c4 e6 3. Nf3 Nf6 4. e3 Be7 5. Bd3 c6 6. 0-0 0-0 7. Nbd2 Nbd7 8. b3 b6 9. Bb2 Bb7 10. Ne5 Nxe5 11. dxe5 Ne8 12. f4 g6 13. cxd5 cxd5 14. Nf3 Ng7 15. Qe2 Bc5 16. Nd4 Qe7 17. g4 a5 18. a4 Rfc8 19. Nb5 Ba6 20. h3 Bxb5 21. Bxb5 Qh4 22. Kg2 h5 23. Bd3 Qd8 24. Rac1 Bb4 25. Ba6 Rxc1 26. Rxc1 hxg4 27. hxg4 Bc5 28. Kg3 Ne8 29. Rh1 Nc7 30. Qh2 Kf8 31. Qh8+ Ke7 32. Qf6+ Kd7 33. Qxf7+ Qe7 34. Qxg6 Kc6 35. Rh7 Qf8 36. Bb5+ Nxb5 37. Qxe6+ Bd6 38. axb5+ Kxb5 39. exd6 Qc8 40. Qxd5+ Ka6 41. Qc4+ b5 42. Qxc8+ Rxc8 43. d7 1-0

[Event "BAN-chT"]
[Site "Dhaka"]
[Date "2016.11.26"]
[Round "4.3"]
[White "Hossain, Amir"]
[Black "Aayush, Bhattacherjee"]
[Result "1-0"]
[WhiteElo "1851"]
[BlackElo "1301"]
[PlyCount "107"]
[EventDate "2016.11.23"]
[EventType "team-tourn"]
[EventRounds "9"]
[EventCountry "BAN"]
[SourceTitle "EXT 2018"]
[Source "ChessBase"]
[SourceDate "2017.10.13"]
[SourceVersion "1"]
[SourceVersionDate "2017.10.13"]
[SourceQuality "1"]
[WhiteTeam "Mir CC"]
[BlackTeam "Kasparov CC"]
[WhiteTeamCountry "BAN"]
[BlackTeamCountry "BAN"]

1. d4 d5 2. Nf3 Nf6 3. c4 c6 4. Nbd2 Bf5 5. e3 e6 6. Be2 Bd6 7. b3 Nbd7 8. Bb2 0-0 9. 0-0 Ne4 10. Nxe4 Bxe4 11. Nd2 Bg6 12. f4 f5 13. c5 Bc7 14. b4 a6 15. a4 Nf6 16. Nf3 Ne4 17. Ne5 Bxe5 18. dxe5 Qe7 19. Bd4 Rfd8 20. Qe1 Re8 21. Bf3 Red8 22. g3 Re8 23. Qe2 Red8 24. Kg2 Re8 25. h4 h6 26. h5 Bf7 27. a5 Red8 28. Rh1 Rd7 29. g4 Rf8 30. Rag1 Be8 31. Kf1 Rf7 32. Ke1 Rc7 33. g5 Kh8 34. Bxe4 dxe4 35. gxh6 gxh6 36. Rg6 Rh7 37. Rf6 Bf7 38. Rg1 Qe8 39. Rxf5 Qe7 40. Rf6 Qe8 41. Qg2 Bxh5 42. Qxe4 Rcf7 43. f5 exf5 44. Qxf5 Rhg7 45. Rxg7 Kxg7 46. e6 Kf8 47. exf7 Bxf7 48. Rxh6 Ke7 49. Qe5+ Kd7 50. Qd6+ Kc8 51. Be5 Qd8 52. Rh8 Bg8 53. Rxg8 Qxg8 54. Qc7# 1-0

[Event "Dhaka Six Seasons 2nd"]
[Site "Dhaka"]
[Date "2010.08.27"]
[Round "7"]
[White "Murshed, Niaz"]
[Black "Hossain, Amir"]
[Result "1-0"]
[WhiteElo "2406"]
[BlackElo "2039"]
[PlyCount "33"]
[EventDate "2010.08.23"]
[EventType "tourn"]
[EventRounds "10"]
[EventCountry "BAN"]
[SourceTitle "EXT 2019"]
[Source "ChessBase"]
[SourceDate "2018.10.10"]
[SourceVersion "1"]
[SourceVersionDate "2018.10.10"]
[SourceQuality "1"]

1. e4 e5 2. Nf3 Nc6 3. d4 exd4 4. Nxd4 Bc5 5. Be3 Bb6 6. Nc3 d6 7. Bc4 Nf6 8. Nxc6 bxc6 9. Bg5 h6 10. Bh4 g5 11. Bg3 Qe7 12. 0-0 h5 13. e5 dxe5 14. Bxe5 Kf8 15. Re1 Bxf2+ 16. Kxf2 Ng4+ 17. Qxg4 1-0